Fabricación casera de herramientas e implementos para la huerta : material de capacitación /

La fabricación casera de herramientas para la huerta te permite reciclar materiales en desuso y ahorrar dinero. El programa ProHuerta del INTA promueve el armado de implementos agrícolas con elementos sencillos--como madera, metal y alambre--para facilitar las tareas de siembra y desmalezado.

Guardado en:
Autor Principal: Berges, Marisa, 2004.
Formato: Libro
Idioma:Undetermined
Publicado: Buenos Aires : INTA, 2004.
Edición:1era ed.
Series:ProHuerta
Materias:
Etiquetas: Agregar Etiqueta
Sin Etiquetas, Sea el primero en etiquetar este registro!
LEADER 01376nam a22002415a 4500
001 CEM.cems025250
008 260701s2004####ag#a##########000#0#und#d
005 20260701093138.0
245 1 0 |a Fabricación casera de herramientas e implementos para la huerta :  |b material de capacitación /  |c Marisa Berges. 
250 |a 1era ed. 
260 |a Buenos Aires :  |b INTA,  |c 2004. 
300 |a 140 p. :  |b il. ;  |c 25 cm. 
490 1 |a ProHuerta 
505 0 |a Plantador -- Rastrillo -- Horquilla o laya -- Sembradora de punta -- Escardillo manual -- Equipo casero de riego -- Abonera -- Escabador manual oscilante -- Cincel Manual -- Cincel manual tridente -- Escardillo de alambre acerado -- Pala para trasplante -- Trampa Amarilla -- Aspersor de riego -- Succionador de insectos -- 
520 |a La fabricación casera de herramientas para la huerta te permite reciclar materiales en desuso y ahorrar dinero. El programa ProHuerta del INTA promueve el armado de implementos agrícolas con elementos sencillos--como madera, metal y alambre--para facilitar las tareas de siembra y desmalezado. 
020 |a 9875210854 
100 1 |a Berges, Marisa,  |d 2004. 
082 0 4 |a 635 
653 |a Huerta 
653 |a Herramientas para huerta 
653 |a Horticultura 
859 |a CEMS  |b BIB. CEMS - Agricultura  |h 635  |i B453  |p A3280.19  |t Ej.1 
859 |a CEMS  |b BIB. CEMS - Agricultura  |h 635  |i B453  |p A3281.19  |t Ej.2